Handbook of Research on Tribology in Coatings and Surface Treatment /

Salvato in:
Dettagli Bibliografici
Autori principali: Pakseresht, Amirhossein (Autore), Sharifahmadian, Omid (Autore)
Natura: Libro
Lingua:inglese
Pubblicazione: USA: IGI Global, 2022
Soggetti:
Tags: Aggiungi Tag
Nessun Tag, puoi essere il primo ad aggiungerne!!

MARC

LEADER 00000nam a22000003a 4500
001 0116663
003 SK-STU
005 20250807100229.8
007 ta
008 250807s ----xo-----e------000-0-----d
020 |a 978-1-7998-9683-8 
040 |a STU  |b slo 
041 0 |a eng 
044 |a xxu 
100 1 |a Pakseresht, Amirhossein  |4 aut 
245 1 0 |a Handbook of Research on Tribology in Coatings and Surface Treatment /  |c aut. Amirhossein Pakseresht, Omid Sharifahmadian 
260 |a USA:  |b IGI Global,  |c 2022 
300 |a 470 s. 
650 0 7 |a tribológia 
650 0 7 |a nátery 
650 0 7 |a automobilový priemysel 
650 0 7 |a metóda studeného spreja 
650 0 7 |a plastická deformácia 
650 0 7 |a mechanická únava 
700 1 |a Sharifahmadian, Omid  |4 aut 
996 |b 284M089704  |c M* 14870-1  |l MMKN  |s A  |a 24  |w 0116663_0001 
996 |c M* DigP-441  |l MMKN  |s A  |a 24  |w 0116663_0002